Southville International School and Colleges
Your cart is empty.
  • Cart
  • Lists
    Public lists Eva Luna New books Lux_list list_1
    Your lists Log in to create your own lists
  • Log in to your account
  • Your cookies
  • Search history
Southville International School and Colleges
  • Advanced search
  • Recent comments
  • Most popular
  • Libraries

Log in to your account

Log in with GOOGLE


If you do not have an external account, but do have a local account, you can still log in:

  1. Home
  2. MARC view: My side of the story.
Normal view MARC view ISBD view

My side of the story. (Record no. 114873)

[ view plain ]
MARC details
000 -LEADER
fixed length control field 00385nam a2200157 a 4500
005 - DATE AND TIME OF LATEST TRANSACTION
control field 20140414132115.0
008 - FIXED-LENGTH DATA ELEMENTS--GENERAL INFORMATION
fixed length control field 121029s19uu xx 00 eng d
020 ## - INTERNATIONAL STANDARD BOOK NUMBER
International Standard Book Number 0786835214
050 ## - LIBRARY OF CONGRESS CALL NUMBER
Classification number ER
Item number P187 2005
100 ## - MAIN ENTRY--PERSONAL NAME
Personal name Peter Pan
245 ## - TITLE STATEMENT
Title My side of the story.
260 ## - PUBLICATION, DISTRIBUTION, ETC. (IMPRINT)
Place of publication, distribution, etc New York :
Name of publisher, distributor, etc Disney Enterprises,
Date of publication, distribution, etc 2005.
300 ## - PHYSICAL DESCRIPTION
Extent 71
650 ## - SUBJECT ADDED ENTRY--TOPICAL TERM
Topical term or geographic name as entry element Fairy tales.
Holdings
Withdrawn status Lost status Damaged status Use restrictions Home library Current library Shelving location Date acquired Source of acquisition Total Checkouts Full call number Barcode Date last seen Price effective from Koha item type
        Munich Library Munich Library Easy Reading Section 10/29/2012     ER P187 2005 M6789 04/14/2014 04/14/2014 Books

My side of the story.

APA

Peter Pan, . (2005). My side of the story. New York: Disney Enterprises.

Chicago

Peter Pan, . 2005. My side of the story. New York: Disney Enterprises.

Harvard

Peter Pan, . (2005). My side of the story. New York: Disney Enterprises.

MLA

Peter Pan, . My side of the story. New York: Disney Enterprises. 2005.

  • Place hold
  • Print
  • Cite
  • Add to your cart (remove)
  • Save record
    BIBTEX Dublin Core MARCXML MARC (non-Unicode/MARC-8) MARC (Unicode/UTF-8) MARC (Unicode/UTF-8, Standard) MODS (XML) RIS
  • More searches
    Search for this title in:
    Other Libraries (WorldCat) Other Databases (Google Scholar) Online Stores (Bookfinder.com) Open Library (openlibrary.org)

Exporting to Dublin Core...

SOUTHVILLE LIBRARY

Southville International School and Colleges Library

1281 Tropical Ave. Cor. Luxembourg St., BF Homes International, Las Pinas City

Tel. No. 8256374 / 252358 Loc. 117/146

Powered by Koha